000 00659nam a2200265Ia 4500
005 20260306153249.0
008 008 260114s9999 xx 000 0 eng d
020 _a9780748697441
037 _aEBOOK
040 _aCRL
040 _beng
040 _cCRL
041 _2eng
041 _aeng
084 _qCRL
100 _aCheskin
_91125122
245 0 _aRussian Speakers in Post-Soviet Latvia
250 _a1st Ed
260 _bEdinburgh University Press
260 _c2016
650 _aLinguistics
856 _uhttps://www.cambridge.org/core/product/identifier/9780748697441/type/BOOK
942 _cEBOOK
999 _c1702783
_d1702783